La crise de la conscience européenne 1860-1715

Furkejuvvon:
Bibliográfalaš dieđut
Váldodahkki: Hazard, Paul (Dahkki)
Materiálatiipa: Girji
Giella:fránskkagiella
Almmustuhtton: París Gallimard 1961
Ráidu:Idées. Sciences Humaines
Fáttát:
Fáddágilkorat: Lasit fáddágilkoriid
Eai fáddágilkorat, Lasit vuosttaš fáddágilkora!

MARC

LEADER 00000nam a2200000 a 4500
001 UCS7088
003 CL-VaPUC
008 971010e19610000FR |||||||||||||||||fre|d
082 0 4 |a 100  |b HAZ  |2 21 
100 |a Hazard, Paul  |e author  |9 433660 
245 1 3 |a La crise de la conscience européenne 1860-1715 
300 |a v 
942 |c BK 
945 |d 19971010 00:00:00  |a lriquelm 
260 |a París  |b Gallimard  |c 1961 
650 0 |a Filosofía cultural  |9 312300 
650 0 |a Valores culturales  |9 338166 
650 7 |a CRISIS CULTURAL  |2 CL-VaPUC  |9 337729 
651 0 |a Europa  |9 255156 
583 |a last modification  |c 19971010 00:00:00  |k Rodrigo Vera 
490 0 |a Idées. Sciences Humaines 
999 |c 262440  |d 262438 
952 |0 0  |1 0  |4 0  |6 100_000000000000000_HAZ_1961  |7 0  |8 DER_HIS  |9 290932  |a BIBDER  |b BIBDER  |d 2019-11-19  |h v.1  |i 1888234  |o 100 HAZ 1961  |p 1888234  |r 2023-01-25  |w 2019-11-19  |x Ubicación 4to Piso  |y BK  |z Estos recursos deben solicitarse con anticipación  |k DER